000 00322nam a2200097Ia 4500
008 220216s9999 xx 000 0 und d
100 _aSethuraj M R
245 0 _aSpecial problems of tree crops
260 _bNational Symposium on Recent Advances in Drought Research, 10-13 December 1991, Kottayam, India.
_c1991
942 _cJS
999 _c69118
_d69118